| 000 | 01686cam a2200409 a 4500 | ||
|---|---|---|---|
| 001 | 3959015 | ||
| 003 | ARRUPE | ||
| 005 | 20131001131455.0 | ||
| 008 | 940209s1994 cau b 001 0 eng | ||
| 010 | _a 94007490 | ||
| 020 | _a0803949030 | ||
| 020 | _a0803949049 (pbk.) | ||
| 040 |
_aDLC _cDLC _dDLC |
||
| 050 | 0 | 0 |
_aHQ1088 _b.T55 1994 |
| 100 |
_aBrod, Harry _91817 |
||
| 245 | 0 | 0 |
_aTheorizing masculinities / _cedited by Harry Brod, Michael Kaufman. |
| 260 |
_aThousand Oaks, Calif. : _bSage Publications, _cc1994. |
||
| 300 |
_aix, 302 p. ; _c22 cm. |
||
| 440 | 0 |
_aResearch on men and masculinities series ; _v5 _91818 |
|
| 500 | _a"Published in cooperation with the Men's Studies Association, a task group of the National Organization for Men Against Sexism." | ||
| 504 | _aIncludes bibliographical references and indexes. | ||
| 650 | 0 |
_aMen's studies _xPhilosophy. _91819 |
|
| 650 | 0 |
_aMasculinity. _91820 |
|
| 650 | 0 |
_aMen _xPsychology. _91821 |
|
| 650 | 0 |
_aMen _xAttitudes. _91822 |
|
| 650 | 0 |
_aSexual orientation. _91823 |
|
| 650 | 0 |
_aFeminist theory. _91824 |
|
| 653 | 0 | _aMasculinist theory. | |
| 700 | 1 |
_aBrod, Harry, _d1951- _91825 |
|
| 700 | 1 |
_aKaufman, Michael, _d1951- _91826 |
|
| 710 | 2 |
_aMen's Studies Association (U.S.) _91827 |
|
| 856 | 4 | 2 |
_3Publisher description _uhttp://www.loc.gov/catdir/enhancements/fy0655/94007490-d.html |
| 856 | 4 | 1 |
_3Table of contents only _uhttp://www.loc.gov/catdir/enhancements/fy0655/94007490-t.html |
| 906 |
_a7 _bcbc _corignew _d1 _eocip _f19 _gy-gencatlg |
||
| 942 |
_2lcc _cMONOGRAPH |
||
| 999 |
_c118179 _d118179 |
||